000 00269nam a22001217a 4500
008 170407b xxu||||| |||| 00| 0 eng d
041 _aeng
080 _a611.018
100 _a9
101 _aSHM
245 _aLOOK-ALIKES IN HISTOLOGY
_cTELFORD, I.R
942 _2udc
_cBK
999 _c10093
_d10093